| 000 | 01182nam a2200289 a 4500 | ||
|---|---|---|---|
| 001 | 78717 | ||
| 003 | BD-RjUL | ||
| 005 | 20211209083151.0 | ||
| 008 | 211107s2006 le b 001 0 ara d | ||
| 020 | _a9773058948 | ||
| 035 | _a(BD-RjUL)78943 | ||
| 040 |
_aMiU _cMiU _dUkOxU _beng |
||
| 041 | _aara | ||
| 082 |
_223 _a492.75 _bIBK 2006 |
||
| 100 | 1 |
_aبن جني، أبو الفتح عثمان. ;; Ibn Jinnī, Abū al-Fatḥ ʿUthmān, _d-1002. _9249679 |
|
| 245 | 1 | 4 |
_aالخصائص ;; al-Khaṣāʼiṣ / _cتأليف أبي الفتح عثمان بن جني ؛ تحقيق محمد علي النجار.;; taʼlīf Abī al-Fatḥ ʿUthmān ibn Jinnī ; taḥqīq mohammad Ali alnajar |
| 250 | _aal-Ṭabʿah 1. | ||
| 260 |
_aQahira : _b Dār al-Kutub al-misriah , _c2006. |
||
| 300 |
_a3 v. ; _c25 cm. |
||
| 500 | _aVol. 3: al-Fahāris. | ||
| 504 | _aIncludes bibliographical references and indexes. | ||
| 505 | _aV0l.1--v.2.-- | ||
| 650 | 0 |
_aArabic language _xGrammar _vEarly works to 1800. _9249680 |
|
| 650 | 0 |
_aArabic language _xLexicography _vEarly works to 1800. _9249681 |
|
| 700 | 1 |
_a Najjar, Muhammad Ali ;; النجار, محمد علي _9249685 |
|
| 942 |
_2ddc _cBK |
||
| 999 |
_c78717 _d78717 |
||